[Event "DEM U10/U10w 2008"]
[Site "Willingen GER"]
[Date "2008.05.14"]
[Round "7"]
[White "Peters, Tom"]
[Black "Hemprich, Iustus"]
[Result "1-0"]
[Termination "normal"]
[Board "10"]
[WhiteElo "1472"]
[BlackElo "1184"]
[PlyCount "57"]
[WhiteFideId "24694444"]
[EventCountry "GER"]
[EventRounds "11"]
[EventType "swiss"]
[EventDate "2008.05.10"]

1. e4 c5 2. Nf3 Nc6 3. d4 cxd4 4. Nxd4 e5 5. Nb5 a6 6. Nd6+ Bxd6 7. Qxd6 Qe7 8.
Qxe7+ Ngxe7 9. Bc4 O-O 10. O-O d6 11. Nc3 Kh8 12. f3 f5 13. Bd2 Bd7 14. Na4 Nc8
15. Bd5 b5 16. Nc3 Nb6 17. Be3 Nxd5 18. Nxd5 f4 19. Bf2 Be6 20. Nc7 Rac8 21.
Nxe6 Rfe8 22. Ng5 Kg8 23. Kh1 h6 24. Nh3 Rc7 25. Rfd1 Re6 26. a3 Rd7 27. Ng1 d5
28. Rxd5 Rxd5 29. exd5 1-0

[Event "DEM U10/U10w 2008"]
[Site "Willingen GER"]
[Date "2008.05.14"]
[Round "7"]
[White "Greßmann, Moritz"]
[Black "Richter, Leonard"]
[Result "0-1"]
[Termination "normal"]
[Board "11"]
[WhiteElo "1172"]
[BlackElo "1379"]
[PlyCount "92"]
[WhiteFideId "24695084"]
[BlackFideId "12900290"]
[EventCountry "GER"]
[EventRounds "11"]
[EventType "swiss"]
[EventDate "2008.05.10"]

1. e4 d5 2. exd5 Nf6 3. d4 Nxd5 4. Nf3 Bf5 5. c4 Nb4 6. Qa4+ N8c6 7. Na3 e6 8.
Be3 Be7 9. Qd1 O-O 10. Be2 Bf6 11. O-O Qd7 12. Qd2 Rad8 13. Rfd1 b6 14. h3 Be4
15. Kf1 Bxf3 16. Bxf3 Bxd4 17. Bxd4 Qxd4 18. Qxd4 Rxd4 19. Rxd4 Nxd4 20. Be4 f5
21. Rd1 c5 22. Bb1 a6 23. b3 e5 24. g3 g5 25. Re1 Re8 26. f4 gxf4 27. gxf4 e4
28. h4 Kg7 29. Re3 Kg6 30. Rg3+ Kh5 31. Rg7 Kxh4 32. Rxh7+ Kg4 33. Rh6 Re6 34.
Rxe6 Nxe6 35. Nc2 Nxc2 36. Bxc2 Kxf4 37. Kf2 e3+ 38. Kf1 Nd4 39. Bd1 Ke4 40.
Ke1 f4 41. Kf1 f3 42. Ke1 e2 43. Bxe2 fxe2 44. Kf2 Kd3 45. Ke1 Ke3 46. a3 Nf3#
0-1

[Event "DEM U10/U10w 2008"]
[Site "Willingen GER"]
[Date "2008.05.14"]
[Round "7"]
[White "Wolff, Christopher"]
[Black "Gheng, Christian"]
[Result "1-0"]
[Termination "normal"]
[Board "12"]
[WhiteElo "1373"]
[BlackElo "1177"]
[PlyCount "29"]
[BlackFideId "24660345"]
[EventCountry "GER"]
[EventRounds "11"]
[EventType "swiss"]
[EventDate "2008.05.10"]

1. e4 c5 2. Nc3 Nc6 3. f4 g6 4. Nf3 Bg7 5. Bb5 a6 6. Bxc6 bxc6 7. d3 d6 8. O-O
e6 9. Qe1 Ne7 10. Kh1 O-O 11. Qh4 Bb7 12. f5 Nc8 13. Qh3 e5 14. Bh6 Qf6 15. Bg5
1-0

[Event "DEM U10/U10w 2008"]
[Site "Willingen GER"]
[Date "2008.05.14"]
[Round "7"]
[White "Kasel, Ronaldo"]
[Black "von Ehr, Lukas"]
[Result "1-0"]
[Termination "normal"]
[Board "13"]
[WhiteElo "1438"]
[BlackElo "1190"]
[PlyCount "57"]
[WhiteFideId "24660949"]
[EventCountry "GER"]
[EventRounds "11"]
[EventType "swiss"]
[EventDate "2008.05.10"]

1. e4 e5 2. Nf3 Nc6 3. Bc4 Nf6 4. d3 Bc5 5. Bg5 O-O 6. a3 h6 7. Bh4 d6 8. h3
Qe7 9. Nc3 Be6 10. Nd5 Bxd5 11. Bxd5 Rfe8 12. O-O Rad8 13. b4 Bd4 14. Nxd4 Nxd4
15. Bxb7 c6 16. Bxf6 Qxf6 17. c3 Ne6 18. Bxc6 Rf8 19. Qd2 Qg6 20. Qe3 Nf4 21.
Qf3 Rc8 22. b5 f5 23. exf5 Qxf5 24. Be4 Qg5 25. c4 h5 26. Qe3 Rf6 27. Kh2 Qh6
28. Qxa7 Rc5 29. b6 1-0

[Event "DEM U10/U10w 2008"]
[Site "Willingen GER"]
[Date "2008.05.14"]
[Round "7"]
[White "Lagunov, Rafael"]
[Black "Dürr, Florian"]
[Result "1-0"]
[Termination "normal"]
[Board "14"]
[WhiteElo "1150"]
[BlackElo "1325"]
[PlyCount "49"]
[WhiteFideId "24652644"]
[BlackFideId "24659134"]
[EventCountry "GER"]
[EventRounds "11"]
[EventType "swiss"]
[EventDate "2008.05.10"]

1. e4 e6 2. d4 d5 3. Nd2 Nf6 4. e5 Nfd7 5. Bd3 c5 6. c3 Nc6 7. Ne2 Be7 8. O-O
Qb6 9. Nf3 f6 10. exf6 Nxf6 11. Re1 O-O 12. Nf4 Nd8 13. Qe2 c4 14. Bc2 Ne8 15.
Nxd5 exd5 16. Qxe7 Nc6 17. Bxh7+ Kxh7 18. Qxf8 Nf6 19. Ng5+ Kg6 20. Qf7+ Kf5
21. g4+ Kxg4 22. Qxg7 Nh5 23. h3+ Kh4 24. Nf3+ Kxh3 25. Qg2# 1-0

[Event "DEM U10/U10w 2008"]
[Site "Willingen GER"]
[Date "2008.05.14"]
[Round "7"]
[White "Weber, Sandra"]
[Black "Scholz, Robert"]
[Result "0-1"]
[Termination "normal"]
[Board "15"]
[WhiteElo "1195"]
[BlackElo "1295"]
[PlyCount "166"]
[WhiteFideId "1270049"]
[BlackFideId "1270301"]
[EventCountry "GER"]
[EventRounds "11"]
[EventType "swiss"]
[EventDate "2008.05.10"]

1. d4 d5 2. c4 dxc4 3. e4 e6 4. Bxc4 Nc6 5. Nf3 Bd7 6. Nc3 Bb4 7. a3 Ba5 8. b4
Bb6 9. O-O Nge7 10. Be3 Ng6 11. Rb1 O-O 12. a4 a6 13. Re1 Re8 14. a5 Ba7 15. e5
h6 16. g3 Rb8 17. Qd2 Kh7 18. Red1 Qe7 19. Na2 Rf8 20. Bd3 Rbd8 21. Be4 Rc8 22.
Nh4 Rcd8 23. Qd3 Be8 24. Qc3 Kh8 25. Nf3 Kg8 26. d5 exd5 27. Bxd5 Bxe3 28. Qxe3
Rb8 29. e6 Kh8 30. exf7 Qxe3 31. fxe3 Bxf7 32. Bxf7 Rxf7 33. Kg2 Rbf8 34. Rf1
Re7 35. Rfe1 Rfe8 36. Kf2 Rd7 37. Nc1 Rf8 38. Kg2 Nce5 39. Nxe5 Nxe5 40. Nb3
Nd3 41. Red1 Rfd8 42. Nd4 Ne5 43. h3 Nc6 44. Re1 Nxd4 45. exd4 Rxd4 46. Rb2
Rd2+ 47. Rxd2 Rxd2+ 48. Kf3 Rd7 49. Re8+ Kh7 50. Rb8 c6 51. Kf4 Rd4+ 52. Ke5
Rxb4 53. Kd6 Rb3 54. Kc7 Rb5 55. Rxb7 Rxa5 56. Rb3 Rb5 57. Rc3 c5 58. Kc6 Kg6
59. Rd3 c4 60. Rd1 Rb3 61. Rc1 Rxg3 62. Rxc4 Rxh3 63. Rc2 a5 64. Kd6 Ra3 65.
Rg2+ Kf7 66. Rf2+ Kg8 67. Ke7 Re3+ 68. Kd6 a4 69. Rf4 a3 70. Rf2 Kh7 71. Rg2 g6
72. Kc5 h5 73. Kd4 Rb3 74. Ke5 h4 75. Kf6 Rg3 76. Re2 Kh6 77. Re8 Rf3+ 78. Ke5
Re3+ 79. Kf4 Rxe8 80. Kf3 a2 81. Kg2 a1=Q 82. Kh3 Re3+ 83. Kg4 Qd4# 0-1

[Event "DEM U10/U10w 2008"]
[Site "Willingen GER"]
[Date "2008.05.14"]
[Round "7"]
[White "Bardosch, Karl"]
[Black "Baskin, Robert"]
[Result "1/2-1/2"]
[Termination "normal"]
[Board "16"]
[WhiteElo "1274"]
[BlackElo "1186"]
[PlyCount "50"]
[WhiteFideId "24696480"]
[BlackFideId "24662402"]
[EventCountry "GER"]
[EventRounds "11"]
[EventType "swiss"]
[EventDate "2008.05.10"]

1. e4 e6 2. d4 d5 3. exd5 exd5 4. Bd3 Bd6 5. Ne2 Ne7 6. Bf4 Bf5 7. c3 c6 8. Qc2
Bg6 9. Nd2 O-O 10. Nf3 Bxd3 11. Qxd3 Ng6 12. Bxd6 Qxd6 13. O-O Nd7 14. Rae1 Nf6
15. Ng3 Nf4 16. Qd2 Ng6 17. Re2 Rfe8 18. Rfe1 Rxe2 19. Rxe2 Nf4 20. Re1 Ng6 21.
Ne5 Re8 22. Nxg6 Rxe1+ 23. Qxe1 hxg6 24. h3 Kf8 25. Qe3 Qe7 1/2-1/2

[Event "DEM U10/U10w 2008"]
[Site "Willingen GER"]
[Date "2008.05.14"]
[Round "7"]
[White "Sabirov, Ramil"]
[Black "Titgemeyer, Eva Maria"]
[Result "1-0"]
[Termination "normal"]
[Board "17"]
[WhiteElo "1270"]
[BlackElo "1180"]
[PlyCount "39"]
[WhiteFideId "12900303"]
[BlackFideId "24655350"]
[EventCountry "GER"]
[EventRounds "11"]
[EventType "swiss"]
[EventDate "2008.05.10"]

1. e4 e5 2. Nf3 Nc6 3. Bb5 a6 4. Ba4 Nf6 5. O-O Be7 6. c3 b5 7. Bc2 O-O 8. d4
d6 9. Re1 exd4 10. cxd4 d5 11. Nc3 Bb4 12. e5 Nd7 13. Bxh7+ Kxh7 14. Ng5+ Kg8
15. Qh5 Re8 16. Qxf7+ Kh8 17. Qh5+ Kg8 18. Qh7+ Kf8 19. Qh8+ Ke7 20. Qxg7# 1-0

[Event "DEM U10/U10w 2008"]
[Site "Willingen GER"]
[Date "2008.05.14"]
[Round "7"]
[White "Riasanow, Nikita"]
[Black "Allin, Alexander"]
[Result "1-0"]
[Termination "normal"]
[Board "18"]
[WhiteElo "1259"]
[BlackElo "1156"]
[PlyCount "89"]
[BlackFideId "12903698"]
[EventCountry "GER"]
[EventRounds "11"]
[EventType "swiss"]
[EventDate "2008.05.10"]

1. e4 e5 2. Nf3 Nc6 3. Nc3 Nf6 4. d4 exd4 5. Nxd4 Bb4 6. Nxc6 bxc6 7. Bd3 Bxc3+
8. bxc3 O-O 9. O-O Re8 10. Re1 d5 11. exd5 cxd5 12. Bg5 Bb7 13. Rxe8+ Qxe8 14.
Bxf6 g6 15. Qd2 Qe6 16. Bd4 Re8 17. Kf1 Ba6 18. Re1 Bxd3+ 19. cxd3 Qxe1+ 20.
Qxe1 Rxe1+ 21. Kxe1 a6 22. Ke2 f5 23. Be5 c6 24. Ke3 Kf7 25. Kd4 Ke6 26. Bb8 h5
27. Kc5 Kd7 28. Kb6 a5 29. Kxa5 Kc8 30. Bf4 Kb7 31. a4 Ka7 32. Kb4 Ka6 33. Kc5
Kb7 34. a5 h4 35. a6+ Kxa6 36. Kxc6 Ka7 37. Kxd5 Kb7 38. c4 Kc8 39. c5 Kd7 40.
c6+ Kc8 41. Kc5 h3 42. gxh3 Kd8 43. Kb6 Kc8 44. d4 g5 45. d5 1-0

[Event "DEM U10/U10w 2008"]
[Site "Willingen GER"]
[Date "2008.05.14"]
[Round "7"]
[White "Birnkraut, Tim"]
[Black "Riehle, Marco"]
[Result "0-1"]
[Termination "normal"]
[Board "19"]
[WhiteElo "1235"]
[BlackElo "1000"]
[PlyCount "83"]
[WhiteFideId "24609587"]
[BlackFideId "12904392"]
[EventCountry "GER"]
[EventRounds "11"]
[EventType "swiss"]
[EventDate "2008.05.10"]

1. e4 e5 2. Nf3 Nc6 3. Bc4 Bc5 4. c3 Nf6 5. d4 exd4 6. O-O O-O 7. cxd4 Bb6 8.
d5 Na5 9. Bd3 d6 10. b4 c6 11. bxa5 Bxa5 12. Bg5 cxd5 13. exd5 Re8 14. Nbd2 Bg4
15. Ne4 Rc8 16. Qa4 Bxf3 17. Bxf6 Rxe4 18. Bxe4 Qxf6 19. Bxf3 Bb6 20. Rac1 Rd8
21. Rfe1 g5 22. Re8+ Rxe8 23. Qxe8+ Kg7 24. Qc8 Qf4 25. Qc3+ Bd4 26. Qc4 b6 27.
Rd1 Bxf2+ 28. Kxf2 Qxc4 29. Rd2 g4 30. Be2 Qf4+ 31. Ke1 Qxh2 32. Kf2 f5 33. Bd3
Qh4+ 34. Ke2 g3 35. Kd1 f4 36. Rc2 Qh5+ 37. Kc1 Qxd5 38. Rc7+ Kf6 39. Rxh7 Qxd3
40. Rh6+ Ke5 41. Rh5+ Ke4 42. Rh8 0-1

[Event "DEM U10/U10w 2008"]
[Site "Willingen GER"]
[Date "2008.05.14"]
[Round "7"]
[White "Wanner, Lukas"]
[Black "Engert, Marvin"]
[Result "1/2-1/2"]
[Termination "normal"]
[Board "20"]
[WhiteElo "1001"]
[BlackElo "1271"]
[PlyCount "30"]
[WhiteFideId "12918148"]
[BlackFideId "12901164"]
[EventCountry "GER"]
[EventRounds "11"]
[EventType "swiss"]
[EventDate "2008.05.10"]

1. e4 e5 2. Nf3 Nc6 3. Bb5 d6 4. d4 exd4 5. Nxd4 Bd7 6. O-O Nf6 7. Nc3 Be7 8.
Bf4 O-O 9. Re1 Ne5 10. Bxd7 Qxd7 11. Bg5 c6 12. f4 Ng6 13. f5 Ne5 14. Nf3 Qc7
15. Kh1 Rad8 1/2-1/2

[Event "DEM U10/U10w 2008"]
[Site "Willingen GER"]
[Date "2008.05.14"]
[Round "7"]
[White "Brandl, Lea Maria"]
[Black "Palm, Sören"]
[Result "0-1"]
[Termination "normal"]
[Board "21"]
[WhiteElo "972"]
[BlackElo "1261"]
[PlyCount "70"]
[WhiteFideId "24693049"]
[BlackFideId "12925853"]
[EventCountry "GER"]
[EventRounds "11"]
[EventType "swiss"]
[EventDate "2008.05.10"]

1. d4 d5 2. c4 e6 3. Nc3 Nf6 4. Nf3 Nbd7 5. Bg5 c6 6. e3 Qa5 7. Be2 dxc4 8.
Bxc4 Ne4 9. Bf4 Bb4 10. O-O Nxc3 11. bxc3 Bxc3 12. Rb1 e5 13. Bxe5 Nxe5 14.
Nxe5 O-O 15. Qf3 Qc7 16. Qh5 c5 17. Bd3 h6 18. Nf3 cxd4 19. exd4 Qd6 20. Ng5
Qxd4 21. Bc2 Qd2 22. Nxf7 Qxc2 23. Nd6 b6 24. Rbc1 Qd2 25. Ne4 Qxa2 26. Rxc3
Ba6 27. Rfc1 Bb7 28. f3 Bxe4 29. Qg4 Bf5 30. Qg3 Rac8 31. Rc7 Rxc7 32. Rxc7
Qa1+ 33. Kf2 Re8 34. f4 Qe1+ 35. Kf3 Re3# 0-1

[Event "DEM U10/U10w 2008"]
[Site "Willingen GER"]
[Date "2008.05.14"]
[Round "7"]
[White "Weis, Olga"]
[Black "Reimers, Juri"]
[Result "0-1"]
[Termination "normal"]
[Board "22"]
[WhiteElo "1027"]
[BlackElo "1207"]
[PlyCount "112"]
[WhiteFideId "1270234"]
[BlackFideId "24661511"]
[EventCountry "GER"]
[EventRounds "11"]
[EventType "swiss"]
[EventDate "2008.05.10"]

1. e4 c6 2. d4 d5 3. exd5 cxd5 4. Nc3 Nc6 5. Bd3 Nxd4 6. Be2 Nxe2 7. Ngxe2 e6
8. O-O Bd6 9. Be3 Nf6 10. Nd4 Bd7 11. Bg5 h6 12. Bh4 O-O 13. Qf3 Be7 14. Rfe1
Rc8 15. Qe2 Rc4 16. Nf3 Ne4 17. Bxe7 Nxc3 18. bxc3 Qxe7 19. Qe3 Qc5 20. Ne5
Qxe3 21. Rxe3 Rc7 22. Nxd7 Rxd7 23. Rae1 Rc8 24. Rd3 Rdc7 25. Ree3 Rc6 26. h4
Rb6 27. Rd4 Ra6 28. a4 Rac6 29. Rdd3 Rc4 30. a5 Ra4 31. Rd4 Rxa5 32. Kf1 Rac5
33. Rdd3 a5 34. Ke1 a4 35. Kd1 a3 36. Kc1 Rb5 37. c4 a2 38. Ra3 Rb1+ 39. Kd2
a1=Q 40. Rxa1 Rxa1 41. cxd5 Rd8 42. c4 b5 43. cxb5 Rxd5+ 44. Ke2 Rxb5 45. Kf3
Ra2 46. Kg3 g5 47. hxg5 Rxg5+ 48. Kf3 Rf5+ 49. Kg3 Rfxf2 50. Kh3 Rxg2 51. Kh4
h5 52. Kxh5 Rg7 53. Rh3 Rh7+ 54. Kg4 Ra4+ 55. Kg3 Ra3+ 56. Kg2 Raxh3 0-1

[Event "DEM U10/U10w 2008"]
[Site "Willingen GER"]
[Date "2008.05.14"]
[Round "7"]
[White "Padelt, Aaron"]
[Black "Dresig, Moritz"]
[Result "0-1"]
[Termination "normal"]
[Board "24"]
[WhiteElo "1023"]
[BlackElo "1181"]
[PlyCount "60"]
[BlackFideId "1270307"]
[EventCountry "GER"]
[EventRounds "11"]
[EventType "swiss"]
[EventDate "2008.05.10"]

1. d4 Nf6 2. c4 g6 3. Nf3 Bg7 4. Nc3 d6 5. Bg5 Nbd7 6. e3 O-O 7. Bd3 Re8 8. Qc2
b6 9. O-O Bb7 10. Rfe1 Bxf3 11. gxf3 e5 12. Be4 Rb8 13. Bc6 Re7 14. Nd5 Re6 15.
Qa4 a5 16. f4 exf4 17. b3 fxe3 18. Bxd7 exf2+ 19. Kxf2 b5 20. Qxa5 Ng4+ 21. Kf3
Qxg5 22. Bxe6 Nxh2+ 23. Ke2 fxe6 24. Ne3 Bxd4 25. Qd2 Bxa1 26. Rxa1 Qh5+ 27.
Kd3 bxc4+ 28. bxc4 Ra8 29. Rh1 Ra3+ 30. Kd4 Qe5# 0-1

[Event "DEM U10/U10w 2008"]
[Site "Willingen GER"]
[Date "2008.05.14"]
[Round "7"]
[White "Moses, Selina"]
[Black "Schmid, Floyd"]
[Result "0-1"]
[Termination "normal"]
[Board "25"]
[WhiteElo "954"]
[BlackElo "1156"]
[PlyCount "76"]
[WhiteFideId "12908070"]
[BlackFideId "24686069"]
[EventCountry "GER"]
[EventRounds "11"]
[EventType "swiss"]
[EventDate "2008.05.10"]

1. e4 c5 2. Nf3 e6 3. Bc4 d5 4. Bb5+ Bd7 5. Bxd7+ Qxd7 6. Nc3 d4 7. Ne2 Nc6 8.
d3 Nf6 9. Bg5 Be7 10. e5 Ng4 11. Bxe7 Qxe7 12. h3 Ngxe5 13. Nxe5 Nxe5 14. O-O
O-O 15. Re1 Ng6 16. Ng3 b6 17. Nh5 Qg5 18. Ng3 Nf4 19. Qg4 Qxg4 20. hxg4 Nd5
21. Re5 Nb4 22. Rh5 Nxc2 23. Rc1 Nb4 24. Kh2 Nxd3 25. Rf1 Rad8 26. f3 Nxb2 27.
Rh1 d3 28. Nf1 d2 29. Nxd2 Rxd2 30. Kg3 Rd1 31. R1h2 f6 32. Rxh7 c4 33. Rh8+
Kf7 34. Rxf8+ Kxf8 35. Rh8+ Kf7 36. Rc8 b5 37. Rc7+ Kg6 38. Rxa7 b4 0-1

[Event "DEM U10/U10w 2008"]
[Site "Willingen GER"]
[Date "2008.05.14"]
[Round "7"]
[White "Mager, Denis"]
[Black "Hamacher, Emily"]
[Result "1-0"]
[Termination "normal"]
[Board "26"]
[WhiteElo "1145"]
[BlackElo "847"]
[PlyCount "111"]
[WhiteFideId "24691127"]
[EventCountry "GER"]
[EventRounds "11"]
[EventType "swiss"]
[EventDate "2008.05.10"]

1. d4 d5 2. c4 e6 3. Nc3 c5 4. e3 Nf6 5. Nf3 Nc6 6. Be2 Bd7 7. O-O Bd6 8. Bd2
Qe7 9. h3 O-O-O 10. Nb5 Rhe8 11. Ng5 Rf8 12. Qa4 a6 13. Nxd6+ Qxd6 14. Qc2 h6
15. Nf3 e5 16. Bc3 e4 17. dxc5 Qxc5 18. Bxf6 gxf6 19. Nd2 f5 20. Rac1 d4 21.
Nb3 Qe5 22. exd4 Nxd4 23. Nxd4 Qxd4 24. Rfd1 Qg7 25. Qc3 Qg6 26. Qg3 Qc6 27.
Rd6 Qc7 28. Rxh6 f4 29. Qh2 Qe5 30. Rc3 Ba4 31. Rh4 Bd1 32. Bf1 Rd2 33. Qxf4
Qxf4 34. Rxf4 f5 35. Re3 Rxb2 36. Rexe4 Bc2 37. Re2 Rxa2 38. Rd2 a5 39. h4 a4
40. c5 a3 41. Rc4 Bb3 42. Rxa2 Bxa2 43. Ra4 Bd5 44. Ra8+ Kc7 45. Rxf8 b6 46.
cxb6+ Kxb6 47. Re8 a2 48. Re1 Kc5 49. h5 Kb4 50. h6 Bg8 51. Bd3 Bh7 52. Kh2 Kb3
53. Kg3 Kb2 54. Kf4 a1=Q 55. Rxa1 Kxa1 56. Bxf5 1-0

[Event "DEM U10/U10w 2008"]
[Site "Willingen GER"]
[Date "2008.05.14"]
[Round "7"]
[White "Gerken, Frieso"]
[Black "Wenzke, Tim"]
[Result "0-1"]
[Termination "normal"]
[Board "27"]
[WhiteElo "878"]
[BlackElo "1129"]
[PlyCount "92"]
[WhiteFideId "1270505"]
[EventCountry "GER"]
[EventRounds "11"]
[EventType "swiss"]
[EventDate "2008.05.10"]

1. e4 d5 2. exd5 Qxd5 3. Nc3 Qa5 4. Bc4 Bf5 5. d3 c6 6. Bd2 Qc7 7. Qe2 Nf6 8.
O-O-O Nbd7 9. Nf3 e6 10. Rhe1 Bc5 11. d4 Bb4 12. a3 Bxc3 13. Bxc3 O-O 14. Ne5
Nb6 15. Ba5 Rfe8 16. f3 Rac8 17. h4 h6 18. g4 Bh7 19. Rh1 Nfd7 20. Qh2 g6 21.
f4 Nxe5 22. dxe5 Qe7 23. Bxb6 axb6 24. Rdg1 b5 25. Bd3 Ra8 26. h5 g5 27. Bxh7+
Kxh7 28. Qd2 Red8 29. Qe3 b4 30. fxg5 Qxg5 31. Qxg5 hxg5 32. Rf1 Rd7 33. Rf2
bxa3 34. bxa3 Rxa3 35. Kb2 Rg3 36. Rhf1 Kg7 37. Rf6 Rh3 38. Re1 c5 39. c3 b5
40. Kb3 Rh2 41. Rff1 Rdd2 42. Rb1 Rd7 43. Rbe1 Ra7 44. Rh1 Rha2 45. h6+ Kg6 46.
h7 R7a3# 0-1

[Event "DEM U10/U10w 2008"]
[Site "Willingen GER"]
[Date "2008.05.14"]
[Round "7"]
[White "Böhm, Jana"]
[Black "Storch, Domenic"]
[Result "1/2-1/2"]
[Termination "normal"]
[Board "29"]
[WhiteElo "1023"]
[BlackElo "1338"]
[PlyCount "34"]
[WhiteFideId "24661589"]
[BlackFideId "16200470"]
[EventCountry "GER"]
[EventRounds "11"]
[EventType "swiss"]
[EventDate "2008.05.10"]

1. e4 c5 2. Nf3 Nc6 3. d4 cxd4 4. Nxd4 e5 5. Nb3 Nf6 6. Nc3 Bb4 7. Bd3 O-O 8.
O-O Bxc3 9. bxc3 d5 10. exd5 Nxd5 11. c4 Nde7 12. Bb2 Qc7 13. Re1 f6 14. Qh5 g6
15. Qf3 f5 16. Qd1 Rd8 17. Qc1 f4 1/2-1/2

[Event "DEM U10/U10w 2008"]
[Site "Willingen GER"]
[Date "2008.05.14"]
[Round "7"]
[White "Baberz, Alexander"]
[Black "Schmekel, Florian"]
[Result "1-0"]
[Termination "normal"]
[Board "30"]
[WhiteElo "984"]
[BlackElo "1182"]
[PlyCount "65"]
[WhiteFideId "12921734"]
[BlackFideId "12913456"]
[EventCountry "GER"]
[EventRounds "11"]
[EventType "swiss"]
[EventDate "2008.05.10"]

1. d4 d5 2. c4 e6 3. Nc3 Nf6 4. Nf3 Be7 5. Bf4 Bd7 6. e3 a6 7. Bd3 O-O 8. O-O
dxc4 9. Bxc4 b5 10. Bd3 c5 11. Qe2 c4 12. Bc2 Nd5 13. Nxd5 exd5 14. b3 Bg4 15.
h3 Bh5 16. e4 dxe4 17. Qxe4 Bg6 18. Qxa8 Bxc2 19. Bxb8 Qxb8 20. Qxb8 Rxb8 21.
Rfe1 Bb4 22. Re2 cxb3 23. axb3 Bxb3 24. Nd2 Ba4 25. Rae1 Kf8 26. Rc1 Ba3 27.
Ra1 Bb2 28. Ra2 Bxd4 29. Nf3 Bc3 30. Ra3 Bb4 31. Ne5 Re8 32. Nd7+ Kg8 33. Rxe8+
1-0

[Event "DEM U10/U10w 2008"]
[Site "Willingen GER"]
[Date "2008.05.14"]
[Round "7"]
[White "Truong, Van Trang"]
[Black "Schnepper, Pauline"]
[Result "1-0"]
[Termination "normal"]
[Board "31"]
[WhiteElo "950"]
[BlackElo "1145"]
[PlyCount "55"]
[BlackFideId "12918040"]
[EventCountry "GER"]
[EventRounds "11"]
[EventType "swiss"]
[EventDate "2008.05.10"]

1. e4 c5 2. Nf3 d6 3. Bc4 Nf6 4. d3 Nc6 5. c3 Bd7 6. Nbd2 g6 7. O-O Bg7 8. Re1
O-O 9. Nf1 Re8 10. Ng3 a6 11. Bb3 b5 12. d4 c4 13. Bc2 d5 14. e5 Ng4 15. h3 Nh6
16. Be3 Qc8 17. Kh2 Bf5 18. b3 Bxc2 19. Qxc2 cxb3 20. axb3 b4 21. Rec1 Rb8 22.
Qd2 Qd7 23. Bxh6 bxc3 24. Rxc3 Bxh6 25. Qxh6 Rec8 26. Ng5 e6 27. Qxh7+ Kf8 28.
Rxa6 1-0

[Event "DEM U10/U10w 2008"]
[Site "Willingen GER"]
[Date "2008.05.14"]
[Round "7"]
[White "Petermann, Tessa"]
[Black "Janke, Hendrik"]
[Result "1-0"]
[Termination "normal"]
[Board "32"]
[WhiteElo "1124"]
[BlackElo "999"]
[PlyCount "115"]
[WhiteFideId "12929492"]
[BlackFideId "12921831"]
[EventCountry "GER"]
[EventRounds "11"]
[EventType "swiss"]
[EventDate "2008.05.10"]

1. e4 e5 2. Nf3 Nc6 3. d4 exd4 4. Nxd4 Nxd4 5. Qxd4 d6 6. Nc3 Nf6 7. Bf4 Be7 8.
O-O-O O-O 9. Bc4 Be6 10. Bd3 Ng4 11. f3 c5 12. Qg1 Bg5 13. Bxg5 Qxg5+ 14. Kb1
Ne3 15. h4 Qxg2 16. Qxe3 a6 17. Rdg1 Qxh1 18. Rxh1 Rfe8 19. Rg1 f5 20. Qh6 Re7
21. exf5 Kh8 22. fxe6 gxh6 23. Nd5 Rg7 24. Re1 Re8 25. e7 h5 26. a3 Kg8 27.
Nf6+ Kf7 28. Nxe8 Kxe8 29. Re6 Rxe7 30. Rxd6 Re1+ 31. Ka2 Rh1 32. f4 Rxh4 33.
f5 Rf4 34. Rh6 c4 35. Be2 Rxf5 36. Bxh5+ Kd8 37. Rxh7 b5 38. b4 cxb3+ 39. Kxb3
a5 40. Bg4 Rg5 41. Be2 Re5 42. Bd3 Rg5 43. Rb7 Rg4 44. Rxb5 a4+ 45. Kb2 Kc7 46.
Rb4 Rxb4+ 47. axb4 Kc6 48. Ka3 Kb6 49. Kxa4 Kb7 50. Kb5 Kc7 51. Be4 Kc8 52. Kb6
Kb8 53. c4 Kc8 54. b5 Kb8 55. c5 Kc8 56. Ka7 Kc7 57. b6+ Kc8 58. b7+ 1-0

[Event "DEM U10/U10w 2008"]
[Site "Willingen GER"]
[Date "2008.05.14"]
[Round "7"]
[White "Schwarz, Larissa"]
[Black "Damm, Nils"]
[Result "1/2-1/2"]
[Termination "normal"]
[Board "33"]
[WhiteElo "898"]
[BlackElo "1109"]
[PlyCount "67"]
[WhiteFideId "24699004"]
[BlackFideId "24693065"]
[EventCountry "GER"]
[EventRounds "11"]
[EventType "swiss"]
[EventDate "2008.05.10"]

1. d4 d5 2. c4 Nc6 3. Nf3 Bg4 4. e3 e5 5. dxe5 Bxf3 6. Qxf3 Nxe5 7. Qd1 dxc4 8.
Qxd8+ Rxd8 9. Nc3 Bb4 10. Be2 Nf6 11. O-O Bxc3 12. bxc3 Ne4 13. Bb2 Rd2 14. Bf3
Ng5 15. Bd1 Rxb2 16. f4 Ng4 17. Bxg4 Ne4 18. Rab1 Rxa2 19. Rxb7 O-O 20. Rxc7 a5
21. Ra7 a4 22. Rd1 a3 23. h3 g6 24. Rd4 Ra1+ 25. Kh2 Nxc3 26. Rxc4 Nd5 27. Rca4
Nxe3 28. Rxa3 Nxg4+ 29. hxg4 Rf1 30. g3 Rd8 31. Ra8 Rxa8 32. Rxa8+ Kg7 33. g5
h5 34. Kg2 1/2-1/2

[Event "DEM U10/U10w 2008"]
[Site "Willingen GER"]
[Date "2008.05.14"]
[Round "7"]
[White "Hälterlein, Anna"]
[Black "Hartge, Gedeon"]
[Result "0-1"]
[Termination "normal"]
[Board "34"]
[WhiteElo "841"]
[BlackElo "1064"]
[PlyCount "78"]
[BlackFideId "12932116"]
[EventCountry "GER"]
[EventRounds "11"]
[EventType "swiss"]
[EventDate "2008.05.10"]

1. d4 d5 2. c4 e6 3. Nc3 Nf6 4. e3 Bb4 5. Bd2 Nc6 6. Nf3 O-O 7. Bd3 b6 8. O-O
Bb7 9. a3 Be7 10. Re1 Re8 11. Ne5 Nxe5 12. dxe5 Nd7 13. f4 dxc4 14. Qg4 cxd3
15. Rac1 Nc5 16. b4 Nb3 17. Rcd1 Nxd2 18. Rxd2 Bh4 19. Red1 Be7 20. Rxd3 Qc8
21. Ne2 Ba6 22. R3d2 Bxe2 23. Qxe2 Rd8 24. g3 Rxd2 25. Rxd2 a5 26. b5 Bxa3 27.
Rd1 a4 28. Ra1 Bc5 29. g4 a3 30. Ra2 Qb7 31. Kf1 Qh1+ 32. Kf2 Qxh2+ 33. Kf3
Qxe2+ 34. Kxe2 Ra5 35. Kd3 Rxb5 36. e4 Rb2 37. Rxb2 axb2 38. Kc2 Ba3 39. g5 h6
0-1

[Event "DEM U10/U10w 2008"]
[Site "Willingen GER"]
[Date "2008.05.14"]
[Round "7"]
[White "Hümmecke, Sarah"]
[Black "Altstadt, Karl-Simon"]
[Result "1-0"]
[Termination "normal"]
[Board "35"]
[WhiteElo "997"]
[BlackElo "1177"]
[PlyCount "83"]
[BlackFideId "24696676"]
[EventCountry "GER"]
[EventRounds "11"]
[EventType "swiss"]
[EventDate "2008.05.10"]

1. e4 e5 2. Nf3 Nc6 3. Bb5 d6 4. d4 Bd7 5. d5 Nb8 6. Bxd7+ Nxd7 7. Be3 Ngf6 8.
Nc3 Be7 9. O-O O-O 10. Qe2 a6 11. a4 c6 12. dxc6 bxc6 13. b3 Qa5 14. Qe1 Qd8
15. Rd1 Rb8 16. Qe2 Qa5 17. Nd2 Nxe4 18. Na2 Ndf6 19. Nxe4 Nxe4 20. f3 Nc3 21.
Qd2 d5 22. Qxc3 Qxc3 23. Nxc3 d4 24. Bxd4 exd4 25. Ne2 c5 26. Nf4 Bg5 27. Nd3
Be3+ 28. Kh1 Rfc8 29. f4 c4 30. bxc4 Rxc4 31. Ne1 Rxa4 32. g3 g5 33. f5 g4 34.
f6 Bg5 35. Nd3 Rb6 36. Nc5 Rc4 37. Nd7 Rd6 38. Rde1 Re6 39. Rxe6 fxe6 40. f7+
Kg7 41. f8=Q+ Kg6 42. Ne5+ 1-0